03293nam a2200253 a 4500001000200000003000900002005001700011008003000028020001800058040002600076082003200102100002900134245009400163250001100257260007500268300002100343500007300364505231900437600005902756651004502815700004602860710005802906710007502964 DO-SdBNP20220406114111.0110914s2010 dr 000 0 spa d a9789592710818 aDO-SdBNPbspacBPMSU  a923.2097291bM378J 20102221 aMarti, Joséd1853-189510aJosé Martí y el equilibrio del mundo /cestudio introductorio Armando Hart Dávalos  a3a ed. aSanto Domingo :bComisión Permanente de Efemérides Patrias,c2010. a275 p. ;c23 cm. aIncluye referencias bibliográficas y notas al pie de las páginas0 aEstudio introductorio Armando Hart Dávalos página, 9 / II. José Martí en la mirada Rubén Darío, 47 / Domingo Faustino Sarmiento, 48 / Manuel Gutiérrez Nájera, 48 / Enrique José Varona, 49 / Francisco Pi y Margall, 50 / Pablo Iglesias, 50 / Pedro Henríquez Ureña, 51 / Miguel de Unamuno, 52 / Manuel Isidro Méndez 53 Fernando de los ríos 53 Gabriela Mistral 54 Juan Ramón Jiménez 56 Juan Marinello, 57 Fernando Ortiz, 58 / Alfonso Reyes, 59 / Alejo Carpentier, 59 / Federico De Onís 60 Guillermo Díaz-Plaja, 61 / Ernesto Che Guevara, 62 / Herminio Almendros, 62 / Nicolás Guillén, 63 / José Lezama Lima, 63 / Fidel Castro, 65 / III Textos de José Martí / La República española ante la Revolución Cubana, 69 / Diputado 81 Escasez de noticias electorales. / Diputados noveles-comercio e industria.-Inteligencia de creación y de aplicación.-Teófilo Gautier, 83 / El poema del Niágara, 88 / El Tratamiento Comercial entre los Estados Unidos y México, 110 / Exposición de electricidad, 117 / Honores a Karl Marx que ha muerto, 121 / Educación científica, 123 / Educación popular, 126 / A aprender en las haciendas, 127 / La futura esclavitud, 130 / Maestros ambulantes, 135 / Libro nuevo y curioso, 140 / Inauguración de un presidente en los Estados Unidos, 146 / Correspondencia particular para el Partido Liberal, 164 / Cartas de Martí 172 Vindicación de Cuba, 182 / El Congreso de Washington, 190 / Nuestra América, 200 / La Conferencia Monetaria de las Repúblicas de América, 211 / La verdad sobre los Estados Unidos, 226 / El tercer año del Partido Revolucionario Cubano, 232 / A Fermín Valdés Domínguez, 239 / Al general Porfirio Díaz, 241 / A la madre, 242 / A Federico Henríquez y Carvajal, 243 / Manifiesto de Montecristi , 246 / A Gonzalo de Quesada y Aróstegui, 258 / A José Martí y Zayas Bazán, 263 / A María Mantilla, 264 / A Manuel Mercado 271. Summary: Esta obra pone al alcanse del lector una visión trascendental del genuino continuador del ideario libertador de Simón Bolivar, Benito Juárez y otros proceres latinoamericanos, acompañada de 23 miradas de connotados pensadores de nuestra densidad cultural y precedida por un estudio removedor y documentado del doctor Armando Hart Dávalos...14aMartí, Joséd1853-1895 xPensamiento político4  4a América LatinaxPolítica y gobierno1 aHart Dávalos, Armandoe introducción 2 aCentro de Estudios Martianos.(República Dominicana)2 aComisión Permanente de Efemérides Patrias (República Dominicana)